| 000 | 02129nkc a2200301za 4500 | ||
|---|---|---|---|
| 001 | 84576 | ||
| 003 | OSt | ||
| 005 | 20260423160329.0 | ||
| 007 | kh boc | ||
| 008 | 250410s1909 sp ||||| ||||||0| i|spa d | ||
| 040 |
_cM-RABA _aM-RABA _bspa |
||
| 245 | 0 | 3 |
_aEl pontífice armando al Infante Carlos Clemente contra la infidelidad y los vicios ciñéndole un precioso cíngulo _h[Material gráfico] _c/ Cristóbal Salesa |
| 246 | _aEl Pontífice concediendo un precioso cíngulo al infante Carlos Clemente, armándolo contra la infidelidad y los vicios | ||
| 260 |
_b[Hauser y Menet] _c, [ca. 1909] |
||
| 300 |
_a1 fotografía _b: gelatina de plata _c; imagen 13,5 x 16,2 cm _c; soporte secundario 24 x 30 cm |
||
| 500 | _aFotografía del relieve "El Pontífice concediendo un precioso cíngulo al infante Carlos Clemente, armándolo contra la infidelidad y los vicios" de Cristóbal Salesa, obteniendo el segundo premio de la Academia en Escultura, de la tercera clase en el año 1772. Se conserva en el Museo de la Real Academia de Bellas Artes de San Fernando con nº de inventario E-143. | ||
| 500 | _aMontada sobre un soporte secundario de cartón, con texto manuscrito a lápiz en la parte inferior al recto: "El pontífice armando al Infante Carlos Clemente contra la infidelidad y los vicios ciñéndole un precioso cíngulo. Concurso de 1772-2ª clase. 1º premio de la 2ª clase Cristóbal Salesa por 9 votos". Nota manuscrita al verso a lápiz rojo: "1772-2ª clase". | ||
| 500 | _aFecha probable de la realización de la fotografía realizada por Hauser y Menet. | ||
| 544 | _aArchivo de la Real Academia de Bellas Artes de San Fernando (Le-4-29-1) | ||
| 600 | 1 | 0 |
_aSalesa, Cristóbal _9111689 |
| 610 | 2 | 4 |
_aReal Academia de Bellas Artes de San Fernando. _975832 |
| 651 | 7 |
_aMadrid _2embne _975182 |
|
| 655 | 7 |
_aFotografías de obras de arte _975675 |
|
| 710 | 2 |
_aHauser y Menet (Madrid) _950978 |
|
| 852 | _jFot-606 | ||
| 856 |
_3Fot-606 _uhttps://archivoybiblioteca.realacademiabellasartessanfernando.com/cgi-bin/koha/opac-retrieve-file.pl?id=4b894d3d7b07529d1f674f676abb32b0 |
||
| 942 |
_2ddc _cFOTOGRAFÍA _n0 |
||
| 999 |
_c84576 _d84576 |
||